banner koha

An improved purification procedure for Leishmania RNA virus (LRV) (Registro n. 243228)

MARC details
000 -LÍDER
campo de controle de tamanho fixo 01092nas a2200373 4500
001 - NÚMERO DE CONTROLE
campo de controle BR2015001928
003 - IDENTIFICADOR DO NÚMERO DE CONTROLE
campo de controle BR-BrBNA
005 - DATA E HORÁRIO DA ÚLTIMA TRANSAÇÃO
campo de controle 20231205125217.0
007 - CAMPO FIXO DE DESCRIÇÃO FÍSICA--INFORMAÇÃO GERAL
campo de controle de tamanho fixo ta
008 - CAMPO DE DADOS FIXOS--INFORMAÇÃO GERAL
campo de controle de tamanho fixo 230509b bl.|||p| |||| 00| 00por d
040 ## - FONTE DA CATALOGAÇÃO
Instituição da catalogação original BR-BrBNA
Idioma da catalogação por
Instituição que transcreveu o registro Biblioteca Nacional de Agricultura
041 ## - CÓDIGO DE IDIOMA
Código do idioma do texto/trilha sonora ou título diferente (En)
072 ## - CÓDIGO DE CATEGORIA DE ASSUNTO
Código de Categoria de Assunto L73
100 1# - ENTRADA PRINCIPAL--NOME PESSOAL
Nome pessoal Souza, M.M. de
100 1# - ENTRADA PRINCIPAL--NOME PESSOAL
Nome pessoal Manzine, L.R.
100 1# - ENTRADA PRINCIPAL--NOME PESSOAL
Nome pessoal Silva, M.V.G. da
100 1# - ENTRADA PRINCIPAL--NOME PESSOAL
Nome pessoal Bettini, J.
100 1# - ENTRADA PRINCIPAL--NOME PESSOAL
Nome pessoal Portugal, R.V.
100 1# - ENTRADA PRINCIPAL--NOME PESSOAL
Nome pessoal Cruz, A.K.
100 1# - ENTRADA PRINCIPAL--NOME PESSOAL
Nome pessoal Arruda, E.
100 1# - ENTRADA PRINCIPAL--NOME PESSOAL
Nome pessoal Thiemann, O.H.
245 1# - TÍTULO
Título An improved purification procedure for Leishmania RNA virus (LRV)
650 ## - ASSUNTO--TERMO TÓPICO
Cabeçalho tópico ou nome geográfico RATO
650 ## - ASSUNTO--TERMO TÓPICO
Cabeçalho tópico ou nome geográfico ANIMAL DE LABORATORIO
650 ## - ASSUNTO--TERMO TÓPICO
Cabeçalho tópico ou nome geográfico LEISHMANIOSE
650 ## - ASSUNTO--TERMO TÓPICO
Cabeçalho tópico ou nome geográfico VIRUS
650 ## - ASSUNTO--TERMO TÓPICO
Cabeçalho tópico ou nome geográfico ISOLAMENTO
650 ## - ASSUNTO--TERMO TÓPICO
Cabeçalho tópico ou nome geográfico EXPERIENCIA DE LABORATORIO
650 ## - ASSUNTO--TERMO TÓPICO
Cabeçalho tópico ou nome geográfico RESISTENCIA
773 0# - ENTRADA ANALÍTICA
Título Brazilian Journal of Microbiology (Brazil)
ISSN - International Standard Serial Number ISSN 1517-8382
Partes relacionadas (Apr-Jun 2014), v. 45(2) p. 695-698
Número de controle do registro BR2015001928
856 40 - LOCALIZAÇÃO ELETRÔNICA E ACESSO
Uniform Resource Identifier <a href="http://www.scielo.br/pdf/bjm/v45n2/44.pdf">http://www.scielo.br/pdf/bjm/v45n2/44.pdf</a>
909 ## -
-- 202311
-- Lúcia
-- 55
-- Lúcia Elande
942 ## - ELEMENTOS DE ENTRADA ADICIONADOS (KOHA)
Fonte da classificação ou esquema de arquivamento na estante Classificação AGRIS
Ocultar no OPAC Não
Tipo de material Koha Analítica
Exemplares
Situação do descarte Fonte da classificação ou esquema de arquivamento na estante Situação física Não pode ser emprestado Biblioteca de origem Biblioteca atual Localização na estante Enumeração do periódico / cronologia Total de empréstimos Data de último acesso Número do exemplar Tipo de material Koha Fonte de aquisição
  Classificação AGRIS   Consulta local Biblioteca Nacional de Agricultura - Binagri Biblioteca Nacional de Agricultura - Binagri   (Apr-Jun 2014), v. 45(2) p. 695-698   29/11/2023 01 Periódicos Portaria Interministerial nº 164/94

BINAGRI

Telefone: (61)3218-2567/2388/3357/2097 - binagri@agro.gov.br

Ministério da Agricultura e Pecuária , Esplanada dos Ministérios, Bloco D, Anexo B, Brasília/DF, CEP: 70.043-900